Globalizácia alebo preteky ku dnu?

Postavenie sociálneho štátu je pre modernú spoločnosť naďalej kľúčové. Problémy a možnosti sociálneho štátu v prostredí globálnej ekonomiky. Sociálny štát treba chrániť. Nezmyselnosť tézy, že sociálny štát bráni ekonomickému rozvoju. Argumentácie neoliberalistov. Silná podpora verejnosti pre sociáln...

ver descrição completa

Na minha lista:
Detalhes bibliográficos
Autor principal: Blaha, Ľuboš
Formato: Capítulo de Livro
Idioma:eslovaco
Assuntos:
Tags: Adicionar Tag
Sem tags, seja o primeiro a adicionar uma tag!

MARC

LEADER 00000naa$a2200000$$$4500
001 0111172
005 20231016090219.5
041 0 |a slo 
044 |a SK 
245 1 0 |a Globalizácia alebo preteky ku dnu?  |c Ľuboš Blaha 
520 |a Postavenie sociálneho štátu je pre modernú spoločnosť naďalej kľúčové. Problémy a možnosti sociálneho štátu v prostredí globálnej ekonomiky. Sociálny štát treba chrániť. Nezmyselnosť tézy, že sociálny štát bráni ekonomickému rozvoju. Argumentácie neoliberalistov. Silná podpora verejnosti pre sociálny štát a sociálnu spravodlivosť. Koordinácia sociálnej politiky. 
610 2 0 |a štát sociálny 
610 2 0 |a spravodlivosť sociálna 
610 2 0 |a globalizácia 
610 2 0 |a rast hospodársky 
610 2 0 |a neoliberalizmus 
610 2 0 |a politika sociálna 
610 2 0 |a koordinácia 
100 1 |a Blaha, Ľuboš